000 00465nam a22001577a 4500
003 URS
005 20220114171621.0
008 170324b xxu||||| |||| 00| 0 eng d
050 _aQA76.5
_bL579
100 _aLeon, Alexis
_4author
245 _aIntroduction to computers
_cAlexis Leon, Mathews Leon, Author
260 _aNew Delhi, India:
_bVikas Publishing
_c1999
300 _axxxvi, various paging;
_c25 cm.
700 _4author
_aLeon, Mathews
942 _cFR
_2lcc
999 _c14308
_d14308